El semillero de jóvenes investigadores de la Universidad Pedagógica Nacional: una apuesta desde la creatividad
Salvato in:
| Autore principale: | |
|---|---|
| Natura: | Libro |
| Lingua: | Spanish |
| Pubblicazione: |
Bogotá:
UPN,
2002
|
| Serie: | Documentos de trabajo sobre investigación;
No. 8 |
| Soggetti: | |
| Accesso online: | Enlace del recurso |
| Tags: |
Aggiungi Tag
Nessun Tag, puoi essere il primo ad aggiungerne! !
|
MARC
| LEADER | 00000nam a2200000 a 4500 | ||
|---|---|---|---|
| 001 | 001233 | ||
| 008 | 030924s2002 ck # fr# #000|0#spa#d | ||
| 020 | |a 958-9097-89-8 | ||
| 041 | 0 | |a spa | |
| 043 | |a s-ck--- | ||
| 082 | 0 | 4 | |a 370.118 |b M562s |
| 100 | 1 | |a Moreno Moreno, Javier | |
| 245 | 1 | 3 | |a El semillero de jóvenes investigadores de la Universidad Pedagógica Nacional: |b una apuesta desde la creatividad |c Javier Moreno Moreno |
| 260 | |a Bogotá: |b UPN, |c 2002 | ||
| 300 | |a 44 p. | ||
| 440 | 0 | |a Documentos de trabajo sobre investigación; |v No. 8 | |
| 650 | 1 | 4 | |a APTITUD CREADORA |z COLOMBIA |
| 650 | 1 | 4 | |a INVESTIGADORES |
| 999 | |c 3385 |d 3385 | ||
| 856 | |u https://catalogo.idep.edu.co/cgi-bin/koha/opac-detail.pl?biblionumber=3385 |z Enlace del recurso | ||